000 00658cam a22001932a 4500
001 003593
003 AR-FADEU
008 311216n1994####xxu####################dd
020 _a950-527-134-4
092 _aD345
_bE79
110 _aInstituto Gallup de la Argentina
245 _aESTUDIO de opinión acerca de la administración de justicia
260 _aBuenos Aires
260 _bCEJURA: Centro de estudios judiciales de la República Argentina
260 _c1994
300 _a104 p. : il
650 _aADMINISTRACION DE JUSTICIA-ESTUDIO DE OPINION; OPINION PUBLICA-ADMINISTRACION DE JUSTICIA; ENCUESTAS-ADMINISTRACION DE JUSTICIA
942 _cBDGR
999 _c9423
_d9423